000 00399nam a2200169Ia 4500
005 20250423095701.0
008 250422s9999 xx 000 0 und d
020 _a9782461989
050 _aKP 77 .N2/
100 _aNwabueze, B. O.
245 0 _aIdeas and facts in constitution making
260 _aIbadan
260 _bSpectrum Books Ltd.
260 _c1993
300 _a273 p
942 _cBK
999 _c31022
_d31022